000 00510cam a2200169 4500
008 140828n 000 0 eng u
020 _a0746306385
035 _a(Sirsi) a184681
050 _aHG 2988 WRI 1992
100 _aWright, Don
245 _aBusiness of banking & financial services/
_c Don Wright and Wally Valentine
250 _a3rd ed.
260 _aPlymouth:
_bNorthcote house publishers,
_c1992.
300 _aviii, 260p. :
_bill.
504 _aIncludes index
700 _aValentine, Wally
999 _c121044
_d121044